LIBRARY & INFORMATION CENTRE, KCAET, TAVANUR

ONLINE PUBLIC ACCESS CATALOGUE (OPAC)

Anatomy of the OX / (Record no. 3362)

MARC details
000 -LEADER
fixed length control field 00666cam a2200157ua 4500
041 ## - LANGUAGE CODE
Language code of text/sound track or separate title eng
082 ## - DEWEY DECIMAL CLASSIFICATION NUMBER
Classification number 636.29
Item number IND/AN
245 ## - TITLE STATEMENT
Title Anatomy of the OX /
250 ## - EDITION STATEMENT
Edition statement 1 /
260 ## - PUBLICATION, DISTRIBUTION, ETC. (IMPRINT)
Place of publication :
Name of publisher Indian Council of agricultural Research ,
Year of publication 1964.
300 ## - PHYSICAL DESCRIPTION
Number of Pages 760 ; .
942 ## - ADDED ENTRY ELEMENTS (KOHA)
Koha item type Books
Holdings
Withdrawn status Lost status Damaged status Home library Current library Date acquired Full call number Accession Number Koha item type
Withdrawn     KAUAET KAUAET 07/04/2012 636.29 7316 Books
free website counter